000 00502nam a2200181Ia 4500
005 20250508150936.0
008 008 250505s9999 xx 000 0 eng d
037 _aTextual
040 _aFEDL
_beng
_cFEDL
041 _aeng
_2eng
084 _a751.75, DIS
_qFEDL
100 _aDisher M Willson
_9634790
245 0 _aFairs, circuses and music halls
260 _aLondon, UK
_bWilliam Collins of London
300 _a47p.
942 _cTEXL
_h751.75, DIS
999 _c1326628
_d1326628